Tribhuvan University Central Library

Trainning module Flood disaster management : Gorakhpur case study (Record no. 72173)

MARC details
000 -LEADER
fixed length control field 00482 a2200181 4500
020 ## - INTERNATIONAL STANDARD BOOK NUMBER
International Standard Book Number 978-3-944152-14-1
082 ## - DEWEY DECIMAL CLASSIFICATION NUMBER
Classification number 363.3493/GUP-t/N
100 ## - MAIN ENTRY--PERSONAL NAME
Personal name Gupta, Anil K. & others
245 ## - TITLE STATEMENT
Title Trainning module Flood disaster management : Gorakhpur case study
260 ## - PUBLICATION, DISTRIBUTION, ETC.
Place of publication, distribution, etc. New Delhi
Name of publisher, distributor, etc. NIDM,
Date of publication, distribution, etc. 2013
300 ## - PHYSICAL DESCRIPTION
Extent vii, 101p.
650 ## - SUBJECT ADDED ENTRY--TOPICAL TERM
Topical term or geographic name entry element Flood
650 ## - SUBJECT ADDED ENTRY--TOPICAL TERM
Topical term or geographic name entry element DRM
650 ## - SUBJECT ADDED ENTRY--TOPICAL TERM
Topical term or geographic name entry element Community Disaster Risk
650 ## - SUBJECT ADDED ENTRY--TOPICAL TERM
Topical term or geographic name entry element DRR Measures
653 ## - INDEX TERM--UNCONTROLLED
Uncontrolled term Disaster Management
942 ## - ADDED ENTRY ELEMENTS (KOHA)
Source of classification or shelving scheme Dewey Decimal Classification
Koha item type Disaster Risk Management
Holdings
Withdrawn status Lost status Source of classification or shelving scheme Damaged status Not for loan Home library Current library Date acquired Total Checkouts Full call number Barcode Date last seen Price effective from Koha item type
    Dewey Decimal Classification     Tribhuvan University Central Library Tribhuvan University Central Library 05/08/2014   363.3493/GUP-t/N DRM91 05/08/2014 05/08/2014 Disaster Risk Management